[Event "Regionalliga Nord-West 1718"]
[Site "Bayern"]
[Date "2018.02.04"]
[Round "6.4"]
[White "Weck, Hans"]
[Black "Reissner, Andreas"]
[Result "1/2-1/2"]
[WhiteElo "1922"]
[BlackElo "1999"]
[PlyCount "42"]
[EventDate "2017.10.22"]
[EventType "team-tourn"]
[EventRounds "9"]
[EventCountry "GER"]
[SourceTitle "EXT 2022"]
[Source "ChessBase"]
[SourceDate "2021.10.06"]
[SourceVersion "1"]
[SourceVersionDate "2021.10.06"]
[SourceQuality "1"]
[WhiteTeam "Bad Neustadt"]
[BlackTeam "Marktleuthen"]
[WhiteTeamCountry "GER"]
[BlackTeamCountry "GER"]

1. Nf3 Nf6 2. g3 Nc6 3. Bg2 e5 4. d3 d5 5. 0-0 Be6 6. Nbd2 Qd7 7. e4 dxe4 8. Nxe4 Nxe4 9. dxe4 Qxd1 10. Rxd1 Bc5 11. c3 f6 12. b4 Bb6 13. a4 a5 14. b5 Nb8 15. Bf1 Nd7 16. Nd2 Nc5 17. Bc4 Rd8 18. Bxe6 Nxe6 19. Ba3 Bc5 20. Bb2 Bb6 21. Ba3 Bc5 1/2-1/2

[Event "Regionalliga NW 1314"]
[Site "Bayern"]
[Date "2014.03.16"]
[Round "8.5"]
[White "Weck, Hans"]
[Black "Wilfert, Andre"]
[Result "0-1"]
[WhiteElo "1980"]
[BlackElo "1971"]
[PlyCount "64"]
[EventDate "2013.10.13"]
[EventType "team-tourn"]
[EventRounds "9"]
[EventCountry "GER"]
[SourceTitle "EXT 2015"]
[Source "ChessBase"]
[SourceDate "2014.11.20"]
[SourceVersion "1"]
[SourceVersionDate "2014.11.20"]
[SourceQuality "1"]
[WhiteTeam "Bad Neustadt"]
[BlackTeam "Marktleuthen"]
[WhiteTeamCountry "GER"]
[BlackTeamCountry "GER"]

1. Nf3 c5 2. g3 d5 3. Bg2 Nc6 4. 0-0 Nf6 5. d3 Bg4 6. Nbd2 e6 7. c3 Be7 8. Qc2 0-0 9. h3 Bh5 10. g4 Bg6 11. Nh4 Bd6 12. Nxg6 hxg6 13. e4 Bc7 14. f4 dxe4 15. Nxe4 Nxe4 16. dxe4 g5 17. fxg5 Ne5 18. Be3 Nd3 19. c4 Qd6 20. Rf3 Rad8 21. a3 Qh2+ 22. Kf1 Qe5 23. Rd1 Qxb2 24. Qxb2 Nxb2 25. Rb1 Nxc4 26. Bxc5 Nd2+ 27. Ke2 Nxb1 28. Bxf8 Kxf8 29. Rb3 Nd2 30. Rxb7 Bb6 31. h4 Nc4 32. a4 Na5 0-1

[Event "Regionalliga NW 1314"]
[Site "Bayern"]
[Date "2013.11.10"]
[Round "2.5"]
[White "Sonnenberg, Christoph"]
[Black "Weck, Hans"]
[Result "1/2-1/2"]
[WhiteElo "1914"]
[BlackElo "1980"]
[PlyCount "33"]
[EventDate "2013.10.13"]
[EventType "team-tourn"]
[EventRounds "9"]
[EventCountry "GER"]
[SourceTitle "EXT 2015"]
[Source "ChessBase"]
[SourceDate "2014.11.20"]
[SourceVersion "1"]
[SourceVersionDate "2014.11.20"]
[SourceQuality "1"]
[WhiteTeam "Rottendorf"]
[BlackTeam "Bad Neustadt"]
[WhiteTeamCountry "GER"]
[BlackTeamCountry "GER"]

1. c4 Nf6 2. Nc3 g6 3. g3 Bg7 4. Bg2 0-0 5. d4 d6 6. e3 e5 7. Nge2 c6 8. 0-0 Nbd7 9. Qc2 Qc7 10. b3 Re8 11. Bb2 exd4 12. Nxd4 Nc5 13. Rac1 Ne6 14. Nce2 Bd7 15. Rfd1 Rad8 16. Rd2 Ng5 17. Nc3 1/2-1/2